The stress-strain analysis of the electric transmission tower

Guardado en:
Detalles Bibliográficos
Autor principal: Seetharaman, Anilkumar (Autor)
Otros Autores: Garan, Martin (Orientador)
Formato: Manuscrito Libro
Lenguaje:eslovaco
inglés
Publicado: 2021
Materias:
Acceso en línea:http://is.stuba.sk/zp/portal_zp.pl?podrobnosti=134625
Etiquetas: Agregar Etiqueta
Sin Etiquetas, Sea el primero en etiquetar este registro!

MARC

LEADER 00000ntm a22000003a 4500
001 stuzp67132
003 SK-STU
005 20210717210239.4
007 ta
008 150427s2015----xo-----f-mn---000-0-slo-d
040 |a STU  |b slo 
041 0 |a eng 
100 1 |a Seetharaman, Anilkumar  |u 020010  |4 aut  |U SjF Strojnícka fakulta  |T SjF Ústav aplikovanej mechaniky a mechatroniky  |X 83003  |U J0010  |Y 801  |7 83003 
242 0 1 |a Napäťovo-deformačná analýza prenosovej veže elektrického napätia  |y slo 
245 1 0 |a The stress-strain analysis of the electric transmission tower 
260 |c 2021 
650 4 |a elektrická veža  |2 slo 
650 4 |a napäťovo-deformačná analýza  |2 slo 
650 4 |a Ansys APDL  |2 slo 
650 4 |a stress-strain analysis  |2 eng 
650 4 |a power transmission tower  |2 eng 
650 4 |a Ansys APDL  |2 eng 
700 1 |a Garan, Martin  |u 020010  |k Z1  |4 ths  |U SjF Strojnícka fakulta  |T SjF Ústav aplikovanej mechaniky a mechatroniky  |X 10008  |U J0010  |Y 801  |7 A000010008 
856 4 |u http://is.stuba.sk/zp/portal_zp.pl?podrobnosti=134625